Fundamentals of construction safety

Bibliographic Details
Main Author: Armstrong, P. T.
Format: Book
Published: London : hutchinson , 1980
Subjects:

MARC

LEADER 00000cam a2200000 7i4500
001 0000009007
005 20161229.0
020 |a 0091384117 
040 |a INS 
090 0 0 |a TH443   |b A76 1980 
100 1 |a Armstrong, P. T. 
245 1 0 |a Fundamentals of construction safety   |c P. T. Armstrong 
260 |a London :   |b hutchinson ,   |c 1980 
300 |a 224p. ;   |c 26 cm. 
650 0 0 |a Building site   |x Security measures 
650 0 0 |a Building   |z Great Britain   |x Safety measures 
999 |a 0000022943   |b BOOK   |c Open Shelf   |e Default branch